000 00858nac a22002531u 4500
010 _a 87641192
020 _a0071140093
035 _a(OCoLC)ocm04201768
082 _a620
090 _c188
_d188
100 _a20080729
245 0 0 _aMarks' standard handbook for mechanical engineers.
246 3 0 _aStandard handbook for mechanical engineers
250 _a10th ed.
260 _aNew York :
_bMcGraw-Hill,
_c1996
300 _av. :
_bill. ;
_c25 cm.
500 _aLatest issue consulted: 10th ed., published 1996 (surrogate).
650 0 _aMechanical engineering
700 1 _aMarks, Lionel S.
_d1871-
700 1 _aAvallone, Eugene
700 1 _aBaumeister III, Theodore
942 _cNB
_k620
999 _c188
_d188